000 00495nam a2200181Ia 4500
008 090123s9999 xx 000 0 und d
082 _b39797
100 _aवझे हेमंत
245 _aबंडूनाना
250 _a1
260 _bअनघा प्रकाशन
_c2006
300 _a176
600 _aवझे हेमंत
630 _aबंडूनाना
700 _aवझे हेमंत
730 _aबंडूनाना
942 _cBOOK
999 _c77869
_d77869